Prima orchestra popolare di flauti (La) (Lp Rlv 90552) (Record n. 103527)
[ formato base ]
| 000 -LEADER | |
|---|---|
| fixed length control field | 02274njm a2200409Ia 4500 |
| 001 - CONTROL NUMBER | |
| control field | 23835 |
| 003 - CONTROL NUMBER IDENTIFIER | |
| control field | IT-RoPAU |
| 005 - DATE AND TIME OF LATEST TRANSACTION | |
| control field | 20220918181207.0 |
| 008 - FIXED-LENGTH DATA ELEMENTS--GENERAL INFORMATION | |
| fixed length control field | 131025s9999 xx 000 0 und d |
| 040 ## - CATALOGING SOURCE | |
| Original cataloging agency | IT-RoPAU |
| 040 ## - CATALOGING SOURCE | |
| Transcribing agency | IT-RoPAU |
| 999 ## - SYSTEM CONTROL NUMBERS (KOHA) | |
| Koha Dewey Subclass [OBSOLETE] | n.d. |
| 100 ## - MAIN ENTRY--PERSONAL NAME | |
| Personal name | AA.VV. |
| 9 (RLIN) | 794 |
| 100 ## - MAIN ENTRY--PERSONAL NAME | |
| Relator term | Autore musica |
| 9 (RLIN) | 6448 |
| 100 ## - MAIN ENTRY--PERSONAL NAME | |
| Miscellaneous information | Codice autore musica SPICS: 12000 |
| 9 (RLIN) | 796 |
| 245 ## - TITLE STATEMENT | |
| Title | Prima orchestra popolare di flauti (La) (Lp Rlv 90552) |
| 250 ## - EDITION STATEMENT | |
| Edition statement | 1a ed. |
| 260 ## - PUBLICATION, DISTRIBUTION, ETC. (IMPRINT) | |
| Place of publication, distribution, etc. | MILANO |
| 260 ## - PUBLICATION, DISTRIBUTION, ETC. (IMPRINT) | |
| Name of publisher, distributor, etc. | RI - FI RECORD COMPANY |
| Date of publication, distribution, etc. | 1977 [1a Ed.:1977] |
| 300 ## - PHYSICAL DESCRIPTION | |
| Extent | DISCO |
| 300 ## - PHYSICAL DESCRIPTION | |
| Dimensions | 40 minuti (Testo: pag.) |
| 500 ## - GENERAL NOTE | |
| General note | Musica popolare. Flauto |
| 505 ## - FORMATTED CONTENTS NOTE | |
| Formatted contents note | Romanza "Il tramonto" (4:00) - Giga da una sonata in fa magg per flauto (3:00) - Dvorakiana N.1 per 4 fl in do, 2 fl in sol e flauto basso (4:00) - Alleluja da un graduale in re magg (3:00) - Matrosenlied o canto del marinaio 4:00) - Arie irlandesi (4:00) - Spirituals (6:00) - Elegia (4:00) - Flauti di pace (6:00) - Gaudium (5:00) |
| 511 ## - PARTICIPANT OR PERFORMER NOTE | |
| Participant or performer note | Orchestra Popolare di Flauti diretta da Kessick Marlaena |
| 650 ## - SUBJECT ADDED ENTRY--TOPICAL TERM | |
| Topical term or geographic name as entry element | VARIO [DISCHI] |
| Relator term | Codice MATERIA SPICS: 9950 |
| 9 (RLIN) | 6449 |
| 700 ## - ADDED ENTRY--PERSONAL NAME | |
| Personal name | Kessick Marlaena |
| Dates associated with a name | Codice autore SPICS: 13913 |
| Relator term | Autore |
| 9 (RLIN) | 6450 |
| 700 ## - ADDED ENTRY--PERSONAL NAME | |
| Personal name | Verdi Giuseppe |
| Dates associated with a name | Codice autore musica SPICS: 89 |
| Relator term | Autore musica |
| Name of part/section of a work | Romanza "Il tramonto" |
| 9 (RLIN) | 6451 |
| 700 ## - ADDED ENTRY--PERSONAL NAME | |
| Personal name | Handel Georg Friedrich |
| Dates associated with a name | Codice autore musica SPICS: 5619 |
| Relator term | Autore musica |
| Name of part/section of a work | Giga da una sonata in fa magg per flauto |
| 9 (RLIN) | 6452 |
| 700 ## - ADDED ENTRY--PERSONAL NAME | |
| Personal name | Dvorak Antonin |
| Dates associated with a name | Codice autore musica SPICS: 10772 |
| Relator term | Autore musica |
| Name of part/section of a work | Dvorakiana N.1 per 4 fl in do, 2 fl in sol e flauto basso |
| 9 (RLIN) | 6453 |
| 700 ## - ADDED ENTRY--PERSONAL NAME | |
| Personal name | Scarlatti Alessandro |
| Dates associated with a name | Codice autore musica SPICS: 11143 |
| Relator term | Autore musica |
| Name of part/section of a work | Alleluja da un graduale in re magg |
| 9 (RLIN) | 6454 |
| 700 ## - ADDED ENTRY--PERSONAL NAME | |
| Personal name | Haydn Franz Joseph |
| Dates associated with a name | Codice autore musica SPICS: 5572 |
| Relator term | Autore musica |
| Name of part/section of a work | Matrosenlied o canto del marinaio |
| 9 (RLIN) | 6455 |
| 700 ## - ADDED ENTRY--PERSONAL NAME | |
| Personal name | Anonimo |
| Dates associated with a name | Codice autore musica SPICS: 2620 |
| Relator term | Autore musica |
| Name of part/section of a work | Arie irlandesi - Spirituals |
| 9 (RLIN) | 6456 |
| 700 ## - ADDED ENTRY--PERSONAL NAME | |
| Personal name | Chailly Luciano |
| Dates associated with a name | Codice autore musica SPICS: 8154 |
| Relator term | Autore musica |
| Name of part/section of a work | Elegia |
| 9 (RLIN) | 6457 |
| 700 ## - ADDED ENTRY--PERSONAL NAME | |
| Personal name | Marconi Luca |
| Dates associated with a name | Codice autore musica SPICS: 13914 |
| Relator term | Autore musica |
| Name of part/section of a work | Flauti di pace |
| 9 (RLIN) | 6458 |
| 700 ## - ADDED ENTRY--PERSONAL NAME | |
| Personal name | Lo Vetere I. |
| Dates associated with a name | Codice autore musica SPICS: 13915 |
| Relator term | Autore musica |
| Name of part/section of a work | Gaudium |
| 9 (RLIN) | 6459 |
| 942 ## - ADDED ENTRY ELEMENTS (KOHA) | |
| Koha item type | DISCHI |
| Source of classification or shelving scheme | Dewey Decimal Classification |
| Withdrawn status | Lost status | Damaged status | Not for loan | Home library | Current library | Date acquired | Total Checkouts | Full call number | Date last seen | Price effective from | Koha item type | Public note |
|---|---|---|---|---|---|---|---|---|---|---|---|---|
| Buone Condizioni | Not For Loan | SPICS-MEDIATECA | SPICS-MEDIATECA | 25/10/2013 | 23835 | 25/10/2013 | 25/10/2013 | DISCHI | Progr. Ins.: 4682 / N.Vol.: 1 / Copie: 1 - Copia rara: n.d. / date import: 01.01.2014 - By Epidotti, Trombetti, Vaglietti |